00210pam a2200097 a 4500020000500000041000800005100001800013245003900031260003200070300001000102 c aeng aSoloman .A.K. aWhy Smash AtonshTextual Documents aNew YorkbPenguin Books Ltd a160p.